Polscy literaci, którzy są patronami największej liczbie ulic w Polsce - Statystyki

Ogólne statystyki
  • Ten quiz został rozwiązany 29 razy
  • Średni wynik to 7 z 10
Statystyki odpowiedzi
Miejsce Pisarz/poeta % Poprawnych
1. Adam Mickiewicz
100%
2. Henryk Sienkiewicz
90%
3. Juliusz Słowacki
90%
6. Bolesław Prus
76%
7. Władysław Reymont
69%
5. Stefan Żeromski
66%
8. Jan Kochanowski
59%
4. Maria Konopnicka
52%
10. Julian Tuwim
41%
9. Cyprian Kamil Norwid
38%
Nie znaleziono quizów pasujących do podanych kryteriów
Rozkład punktacji
Procent ludzi z każdym wynikiem
Percentyl według liczby udzielonych odpowiedzi
Twoja historia wyników
Nie rozwiązałeś tego quizu